| 000 | 00979nam a22002651i 4500 | ||
|---|---|---|---|
| 003 | SA-RiAUC | ||
| 005 | 20240926150211.0 | ||
| 008 | 240926s1988 sy g 000 0 ara c | ||
| 040 |
_aJO-IrJUST _bara _cSA-RiAUC _erda |
||
| 050 | 1 | 4 | _b.M33 1988 |
| 082 | 0 | 4 | _a224.2 |
| 090 |
_a224.2 _bص ا ف |
||
| 100 | 1 |
_aصافي، محمود، _dتوفي 1985 _eمؤلف. |
|
| 245 | 1 | 2 |
_aالجدول في إعراب القرآن الكريم وصرفه/ _cتصنيف محمود صافي ؛ مراجعة لينة الحمصي. |
| 250 | _aالطبعة الاولى. | ||
| 264 | 1 |
_aدمشق : _bدار الرشيد، _c1986 |
|
| 300 | _a31 جزء في 13 مجلد | ||
| 336 |
_aنص _btxt _2rdacontent _3كتاب |
||
| 337 |
_aبدون وسيط _bn _2rdamedia |
||
| 338 |
_aمجلد _bnc _2rdacarrier |
||
| 630 | 2 | 7 |
_aالقرآن _xإعراب _2aucut |
| 700 | 1 |
_aالحمصي، لينة، _d1965- _eمراجع. |
|
| 942 |
_2ddc _cBOOK _n0 |
||
| 949 |
_aSA-JeALM _d240926 _umohamedma123 _n1 |
||
| 999 |
_c575 _d575 |
||